000 00579nam a2200181Ia 4500
005 20250508151255.0
008 008 250505s9999 xx 000 0 eng d
037 _aTextual
040 _aFEDL
_beng
_cFEDL
041 _aeng
_2eng
084 _a375, MOR
_qFEDL
100 _aMorrison Henry C
245 0 _aCurriculum of the common school from the beginning of the primary school to the end of the junior college
260 _aChicago, USA
_bThe University of Chicago Press
_c1940
300 _axiii,681p
942 _cTEXL
_h375, MOR
999 _c1328784
_d1328784